| 000 | 00459nam a2200193Ia 4500 | ||
|---|---|---|---|
| 008 | 170918s9999 xx 000 0 und d | ||
| 020 | _a9780545346634 | ||
| 050 | _bB496 2011 | ||
| 100 | _aBerger, Gilda | ||
| 245 | _aUgly animals / | ||
| 245 | _cGilda Berger and Melvin Berger. | ||
| 260 | _aNew York : | ||
| 260 | _bScholastic, | ||
| 260 | _c2011 | ||
| 300 | _a32 pages : | ||
| 300 | _bcolored illustration ; | ||
| 300 | _c23cm. | ||
| 500 | _a780 | ||
| 999 |
_c342594 _d342594 |
||